1479 1539 1866 1699 1979 1700 1808 1930 1072 1129 1634 1373 1529 1937 1568 1604 1269 1040 1129 1087 1855 1012 1997 1330 1651 1035 1414 1898 1172 1584 1296 1788 1332 1700 1567 1570 1574 1082 1523 1640 1872 1459 1082 1229 1189 1996 1002 1050 1611 1796 1539 1598 1948 1684 1093 1645 1999 1250 1460 1337 1294 1136 1116 1631 1938 1905 1793 1589 1184 1211 1596 1243 1960 1677 1974 1070 1346 1565 1393 1189 1624 1808 1598 1156 1669 1060 1223 1861 1797 1603 1550 1038 1881 1358 1800 1604 1641 1840 1808 BCNSPRNW ULIB Ver.6.0+V

เปลี่ยนเป็นภาษาไทย

Change to English
 แสดงรายละเอียดบรรณานุกรม
  กลับหน้าหลัก

Brief Record : Get Marc (ISO 2709) : E-mail record : QR code < ปิดหน้าต่าง
LEADER : 00000nam 2200000uu 4500
001    13399121402
003     ULIB
008    121116s2549||||th 000 0 tha d
020    ^a9746457705 (ล.2)
050 04 ^aTK5101^bส747ท ล.2
110 1  ^aมหาวิทยาลัยสุโขทัยธรรมาธิราช
245 10 ^aประมวลสาระชุดวิชา เทคโนโลยีการจัดการการสื่อสาร หน่วนที่ 8-15=^bTechnology for communication management/^cมหาวิทยาลัยสุโขทัยธรรมาธิราช
246 30 ^aเทคโนโลยีการจัดการการสื่อสาร
246 31 ^aTechnology for communication management
250    ^aพิมพ์ครั้งที่ 2
260    ^aนนทบุรี :^bมหาวิทยาลัยสุโขทัยธรรมาธิราช,^c2549
300    ^a2 เล่ม :^bภาพประกอบ
500    ^aล.1: หน่วยที่ 1-7 -- ล.2: หน่วยที่ 8-15
500    ^aหน่วยที่ 1-15 (แนวการศึกษา)
505 2  ^aล.1: แนวคิดและทฤษฎีเทคโนโลยีการจัดการการสื่อสาร -- เศรษฐกิจการเมือง และสังคมที่มีผลต่อการจัดการการสื่อสาร -- กฎหมายที่เกี่ยวข้องกับการจัดการการสื่อสาร -- การจัดทำนโยบายและแผนการสื่อสาร -- กิจการการสื่อสารภาครัฐ -- กิจการการสื่อสารภาคเอกชน -- การจัดการการสื่อสารเชิงประยุกต์ -- ล.2:การจัดองค์การและการบริหารทรัพยากรมนุษย์ในองค์การด้านการสื่อสาร -- การจัดการการผลิตงานด้านการสื่อสาร -- การควบคุมการจัดการการสื่อสาร --การจัดการการเงิน วัสดุ อุปกรณ์ในกิจการด้านการสื่อสาร -- การเพิ่มประสิทธิภาพในการจัดการการสื่อสาร -- กลยุทธ์การสื่อสารการตลาดเพื่อการจัดการ -- เทคโนโลยีการสนเทศเพื่อการจัดการ -- การประยุกต์เทคโนโลยีการจัดการการสื่อสารเพื่อการพัฒนาองค์การ
650  7 ^aการสื่อสาร
650  7 ^aเทคโนโลยีการสื่อสาร
650  7 ^aการสื่อสาร^xการจัดการ^xเทคโนโลยีที่เหมาะสม
700 0  ^aปาริชาต สถาปิตานนท์
710 2  ^aมหาวิทยาลัยสุโขทัยธรรมาธิราช.^bสาขาวิชานิเทศศาสตร์
740 0  ^aTechnology for communication management
945    ^p0^l0^i14777
945    ^p0^l0^i14778
995    ^aวิภา
999 ^a ทศพร
รายการนี้ยังไม่มีแท็ก
คุณยังไม่ได้ล็อกอิน คุณสามารถมีกิจกรรมร่วมกับเว็บไซต์ได้ แต่ต้องล็อกอินก่อน ::
  ล็อกอิน

รายการสื่อสารสนเทศ

ลำดับที่ ประเภท เลขเรียก/บาร์โค้ด สถานที่ สถานะ
1. วิทยาศาสตร์การแพทย์ และสุขภาพ
วิทยาศาสตร์การแพทย์ และสุขภาพ
TK5101 ส747ท ล.2  
  Barcode: 14777
ห้องสมุดวิทยาเขตสวรรค์ประชารักษ์
►หนังสือทั่วไป
บนชั้น
2. วิทยาศาสตร์การแพทย์ และสุขภาพ
วิทยาศาสตร์การแพทย์ และสุขภาพ
TK5101 ส747ท ล.2 ฉ.2 
  Barcode: 14778
ห้องสมุดวิทยาเขตสวรรค์ประชารักษ์
►หนังสือทั่วไป
บนชั้น

รายการใกล้เคียง
    หัวเรื่อง [การสื่อสาร]
    หัวเรื่อง [เทคโนโลยีการสื่อสาร]

BibComment


ยังไม่เคยถูกคอมเมนท์

คอมเมนท์ทรัพยากรรายการนี้
  คอมเมนท์: ประมวลสาระชุดวิช..


 Copyright 2026. Bcnsprnw @Library